|
|
|
|
| LEADER |
00000nam0a2200000 4500 |
| 001 |
272205 |
| 005 |
20231101234518.0 |
| 020 |
|
|
|a RU
|b 86-17998ж
|
| 035 |
|
|
|a (RuTPU)RU\TPU\book\295411
|
| 090 |
|
|
|a 272205
|
| 100 |
|
|
|a 20141016a1985 k y0rusy5003 ca
|
| 101 |
0 |
|
|a rus
|
| 102 |
|
|
|a RU
|
| 105 |
|
|
|a y z 000zy
|
| 200 |
1 |
|
|a Совершенствование хозяйственного расчета в газовой промышленности и нефтеобеспечении
|f Московский институт нефти и газа им. И. М. Губкина (МИНГ) ; под ред. А. Д. Бренца
|
| 210 |
|
|
|a Москва
|c Изд-во МИНГ
|d 1985
|
| 215 |
|
|
|a 97 с.
|
| 225 |
1 |
|
|a Труды Московского института нефтехимической и газовой промышленности (МИНХ и ГП)
|v Вып. 197
|
| 606 |
1 |
|
|a Газовая промышленность, предприятия
|x Экономика
|2 stltpush
|3 (RuTPU)RU\TPU\subj\4595
|9 32847
|
| 610 |
1 |
|
|a хозяйственный расчет
|
| 610 |
1 |
|
|a нефтеснабжающие организации
|
| 610 |
1 |
|
|a управление
|
| 610 |
1 |
|
|a материальная ответственность
|
| 610 |
1 |
|
|a бригадный труд
|
| 610 |
1 |
|
|a нормирование
|
| 610 |
1 |
|
|a оплата труда
|
| 675 |
|
|
|a 622.324.012:658
|z rus
|v 3
|
| 702 |
|
1 |
|a Бренц
|b А. Д.
|g Анатолий Дмитриевич
|4 340
|
| 712 |
0 |
2 |
|a Московский институт нефти и газа им. И. М. Губкина (МИНГ)
|c (1985-1991)
|2 stltpush
|3 (RuTPU)RU\TPU\col\13869
|
| 801 |
|
0 |
|a RU
|b RuMRKP
|c 19950704
|g psbo
|
| 801 |
|
1 |
|a RU
|b 63413507
|c 20141016
|
| 801 |
|
2 |
|a RU
|b 63413507
|c 20151217
|g RCR
|
| 942 |
|
|
|c BK
|